000 00472cam a22002054a 4500
005 20250605164314.0
008 250528s ||||||||||||||||||||||||d
035 _a22630
020 _a9780131298101
040 _aGR-AtMCL
_bgre
_dGR-AtMCL
_eAACR2
245 1 _aCOGNITIVE PSYCHOLOGY
250 _a1
260 _bPearson,
_c2008
300 _a706
700 1 _aDyson Ben
_97192
700 1 _aQuinlan Philip
_98389
942 _cBK
999 _c7678
_d7678